000 00898nas a2200289 4500
001 BR2017001939
003 BR-BrBNA
005 20231205131026.0
007 ta
008 230509b bl.|||p| |||| 00| 00por d
040 _aBR-BrBNA
_bpor
_cBiblioteca Nacional de Agricultura
041 _a(En)
072 _aK50
100 1 _aGarcez, M.
100 1 _aGarcez, E.
100 1 _aMachado, A.
100 1 _aGatto, D.
245 1 _aAssessment of mix proportions for developing light weight cementitious composites with wood wastes
650 _aEUCALIPTO
650 _aMADEIRA
650 _aSERRAGEM
650 _aPROPRIEDADE MECÂNICA
773 0 _tRevista Árvore (Brazil)
_xISSN 1806-9088
_g(2017), v. 41(1) p. 1-9
_wBR2017001939
856 4 0 _uhttp://www.scielo.br/pdf/rarv/v41n1/1806-9088-rarv-41-01-e410103.pdf
909 _a202311
_bLúcia
_c55
_dLúcia Elande
942 _2AGRIS
_n0
_cANA
999 _c252650
_d252650